000 00672nam a2200289Ia 4500
005 20260324141944.0
008 008 260324s9999 xx 000 0 eng d
020 _a9780203977088
037 _aEBOOK
040 _aCRL
040 _beng
040 _cCRL
041 _2eng
041 _aeng
084 _qCRL
100 _aCarl Dawson
_91210140
245 0 _aMatthew Arnold
245 4 _bThe Critical Heritage Volume 2 The Poetry
260 _bTaylor and Francis
260 _c1996
365 _a
365 _b480
856 _uhttp://www.taylorfrancis.com/books/9780203977088
942 _cEBOOK
999 _c1813788
_d1813788